AoT shifters - Statistics

General Stats
  • This quiz has been taken 128 times
  • The average score is 8 of 9
Answer Stats
Hint Answer % Correct
Founding Titan Eren
100%
Attack Titan Eren
100%
Warhammer Titan Eren
100%
Female Titan Annie
98%
Armored Titan Reiner
95%
Beast Titan Zeke
94%
Colossal Titan Armin
93%
Cart Titan Pieck
87%
Jaw Titan Porco
70%
No matching quizzes found
Score Distribution
Percent of People with Each Score
Percentile by Number Answered
Your Score History
You have not taken this quiz